000 00626nam a22002297a 4500
003 UA-OsUOA
001 94404
007 ta
008 20130211b un ||||| |||| 00| 0 ukr d
100 _aГрибачев Н.
090 _a821.161.1
_bГ82
942 _cBK
040 _aUA-OsUOA
_brus
_cUA-OsUOA
_dUA-OsUOA
245 _aПутешествия
_bповести, рассказы
300 _a523 с.
955 _a3
041 _arus
080 _a821.161.1
260 _aМ.
_bМолодая гвардия
_c1960
650 7 _a82 Література. Літературознавство
_2UDC
999 _c380651
_d380651